00524 2200181 4500001002100000005001500021035002000036245011300056100001800169250001100187300002700198260003500225082001000260084001600270020002200286650001200308600002200320INLIS00000000000111920240712093428 a0010-07240001121 aKreasi Masakan Rumahan Tumisan dan Osengan :bWisata Kuliner Mudah & Murah di Rumah Sendiri /cTim Ajarmasak0 aTim Ajarmasak aCet II a56 hlm ;c14 x 20,5 cm aYogyakarta :bAjarmasak,c2022 a641.5 a641.5 TIM k a978-979-911-288-0 4aMasakan04aJulian Ardhiyanto